[Event "EU-chT Seniors 08th"]
[Site "Dresden"]
[Date "2006.02.17"]
[Round "1"]
[White "Brameyer, Hermann"]
[Black "Koksch, Guenther"]
[Result "1/2-1/2"]
[WhiteElo "2242"]
[BlackElo "2142"]
[PlyCount "40"]
[EventDate "2006.02.17"]
[EventType "team-swiss"]
[EventRounds "8"]
[EventCountry "GER"]
[SourceTitle "CBM 111 Extra"]
[Source "ChessBase"]
[SourceDate "2006.05.09"]
[SourceVersion "1"]
[SourceVersionDate "2006.05.09"]
[SourceQuality "1"]
[WhiteTeam "Berlin"]
[BlackTeam "DBAG/BSW"]
[WhiteTeamCountry "GER"]
[BlackTeamCountry "GER"]

1. c4 e6 2. Nf3 f5 3. g3 Nf6 4. Bg2 Be7 5. d4 0-0 6. 0-0 d6 7. b3 a5 8. Nc3 Qe8 9. Ba3 Na6 10. Qb1 Qh5 11. d5 exd5 12. cxd5 Nb4 13. Nd4 f4 14. Ne6 fxg3 15. fxg3 Bxe6 16. dxe6 Ng4 17. h3 d5 18. Bxb4 axb4 19. Nxd5 Bc5+ 20. Kh1 Nf2+ 1/2-1/2

[Event "Oberliga Nord O 0405"]
[Site "Germany"]
[Date "2005.03.13"]
[Round "8.3"]
[White "Schulz, Karsten"]
[Black "Brameyer, Hermann"]
[Result "1/2-1/2"]
[WhiteElo "2293"]
[BlackElo "2272"]
[PlyCount "38"]
[EventDate "2004.10.24"]
[EventType "team-tourn"]
[EventRounds "9"]
[EventCountry "GER"]
[SourceTitle "EXT 2006"]
[Source "ChessBase"]
[SourceDate "2005.11.24"]
[SourceVersion "1"]
[SourceVersionDate "2005.11.24"]
[SourceQuality "1"]
[WhiteTeam "Cottbus"]
[BlackTeam "Friesen Lichtenberg"]
[WhiteTeamCountry "GER"]
[BlackTeamCountry "GER"]

1. Nf3 d5 2. e3 Nf6 3. b3 Bg4 4. Bb2 Nbd7 5. c4 e6 6. Nc3 c6 7. Be2 Bd6 8. Nd4 Bxe2 9. Qxe2 0-0 10. cxd5 cxd5 11. f4 a6 12. 0-0 Re8 13. Nd1 Rc8 14. Nf2 Qe7 15. a3 Nb8 16. Nd3 Nc6 17. b4 Nxd4 18. Bxd4 Ne4 19. Nf2 Nxf2 1/2-1/2

[Event "EU-chT Seniors 07th"]
[Site "Dresden"]
[Date "2005.02.24"]
[Round "7"]
[White "Brameyer, Hermann"]
[Black "Edwards, Raymond B"]
[Result "1/2-1/2"]
[WhiteElo "2272"]
[BlackElo "2104"]
[PlyCount "64"]
[EventDate "2005.02.18"]
[EventType "team-swiss"]
[EventRounds "8"]
[EventCountry "GER"]
[SourceTitle "EXT 2006"]
[Source "ChessBase"]
[SourceDate "2005.11.24"]
[SourceVersion "1"]
[SourceVersionDate "2005.11.24"]
[SourceQuality "1"]

1. d4 d5 2. Nf3 Nf6 3. c4 e6 4. Nc3 Be7 5. Bf4 0-0 6. e3 Nbd7 7. cxd5 Nxd5 8. Nxd5 exd5 9. Bd3 Bb4+ 10. Ke2 Nf6 11. Qc2 Bd6 12. Bxd6 Qxd6 13. Rhc1 c6 14. h3 Re8 15. Ne5 g6 16. a3 Nh5 17. Kf1 Ng7 18. b4 f6 19. Nf3 Bf5 20. Rab1 Bxd3+ 21. Qxd3 a6 22. Rc2 Nf5 23. a4 Rec8 24. g3 Qd7 25. Kg2 Nd6 26. Nd2 a5 27. bxa5 Rxa5 28. Nb3 Ra7 29. Nc5 Qe7 30. Qb3 Nc4 31. Re2 Qf7 32. Nd3 Re8 1/2-1/2